[Event "Florianopolis op 10th"]
[Site "Florianopolis"]
[Date "2024.01.23"]
[Round "5"]
[White "Benitez, Andres"]
[Black "De Souza, Samuel B Ornelas"]
[Result "1/2-1/2"]
[WhiteElo "1956"]
[BlackElo "1639"]
[PlyCount "112"]
[EventDate "2024.01.20"]
[EventType "swiss"]
[EventRounds "10"]
[EventCountry "BRA"]
[SourceTitle "CB05_2024"]
[SourceDate "2024.01.31"]
[SourceVersion "1"]
[SourceVersionDate "2024.01.31"]
[SourceQuality "1"]

1. e4 c5 2. Nf3 d6 3. d4 cxd4 4. Nxd4 Nf6 5. Nc3 a6 6. Be2 e5 7. Nb3 Be7 8. Be3 Be6 9. Nd5 Nbd7 10. Qd3 Bxd5 11. exd5 Rc8 12. c4 b6 13. 0-0 0-0 14. Nd2 a5 15. Rae1 Ne8 16. f4 exf4 17. Bxf4 Ne5 18. Bxe5 dxe5 19. Bg4 Rb8 20. Rxe5 Bf6 21. Re2 Bxb2 22. Nb3 Ba3 23. Kh1 Nf6 24. Bf3 Bd6 25. Nd4 Qc7 26. Nb5 Qd7 27. Nxd6 Qxd6 28. g3 Rfe8 29. Rfe1 g6 30. Qd4 Rxe2 31. Rxe2 Re8 32. Rb2 Nd7 33. Kg2 h5 34. Qf4 Qxf4 35. gxf4 Rc8 36. Be2 Kf8 37. Kf2 Ke7 38. Ke3 Kd6 39. Kd4 Re8 40. Bd1 Rb8 41. f5 gxf5 42. Bxh5 Rh8 43. Bxf7 Rh4+ 44. Kc3 Rh3+ 45. Kd4 Rh4+ 46. Ke3 Rxc4 47. Be6 Re4+ 48. Kf2 f4 49. Bxd7 Kxd7 50. Rxb6 Rd4 51. Rb7+ Kd6 52. Kf3 Rd2 53. a3 Rxh2 54. Rb5 Rd2 55. Rxa5 Rxd5 56. Rxd5+ Kxd5 1/2-1/2

[Event "Criciuma op-B"]
[Site "Criciuma"]
[Date "2024.01.14"]
[Round "4"]
[White "De Souza, Samuel B Ornelas"]
[Black "Da Silva, Camila Evaristo"]
[Result "0-1"]
[WhiteElo "1639"]
[BlackElo "1680"]
[PlyCount "86"]
[EventDate "2024.01.12"]
[EventType "swiss"]
[EventRounds "9"]
[EventCountry "BRA"]
[SourceTitle "CB04_2024"]
[SourceDate "2023.10.16"]
[SourceVersion "1"]
[SourceVersionDate "2023.10.16"]
[SourceQuality "1"]

1. d4 d5 2. c4 c6 3. Nf3 Nf6 4. e3 Bf5 5. Nh4 Bg4 6. f3 Bh5 7. b3 e6 8. g3 Be7 9. Be2 Nfd7 10. Ng2 0-0 11. 0-0 a5 12. Nf4 Bg6 13. Nxg6 hxg6 14. Nc3 Nf6 15. Qc2 Nbd7 16. e4 c5 17. Be3 dxe4 18. Nxe4 Nxe4 19. Qxe4 cxd4 20. Bxd4 Nf6 21. Qe3 Qc7 22. Rfd1 a4 23. f4 Ra6 24. c5 Nd5 25. Qd2 Raa8 26. b4 b6 27. cxb6 Nxb6 28. Rac1 Qb7 29. a3 Rfd8 30. Qb2 Nd5 31. Bf3 Bf8 32. Bc5 Bxc5+ 33. Rxc5 Qa7 34. Bxd5 exd5 35. Qd4 Qe7 36. Qe5 Qa7 37. Rdxd5 Re8 38. Qc7 Qa6 39. b5 Qe6 40. Re5 Qa2 41. Rc3 Rad8 42. Rce3 Rd1+ 43. Re1 Rxe1+ 0-1